00353pab a2200133 454500008004000000100002100040245006700061260000900128300001300137362000800150650001000158700002200168773002900190180718b2010 xxu||||| |||| 00| 0 eng d aShleifer, Andrei aBanking and securitization: asset fire sales and credit easing c2010 ap.46-50. aMay aBanks aVishny, Robert W. aAmerican Economic Review